Who said these Dreamcatcher iconic quotes #3 - Statistics

General Stats
  • This quiz has been taken 55 times
  • The average score is 10 of 10
Answer Stats
Quote Member % Correct
I fell asleep after editing my face Handong
100%
To you? Then I'll use my tongue on SuA JiU
100%
I can't forget how Yoohyeon's lips taste… JiU
100%
"What do you want to eat today?" Les(bian) SuA
100%
I'm doing…a science! Yoohyeon
100%
My butt is triangular-shaped Dami
98%
Sapphire? I thought it was like "apple pie"… Gahyun
98%
Dongie really likes to fart SuA
98%
Oh my GOD ! What did you call me? Yoohyeon
98%
I ordered Cafe Sua. Cafe Sua is really delicious Siyeon
94%
No matching quizzes found
Score Distribution
Percent of People with Each Score
Percentile by Number Answered
Your Score History
You have not taken this quiz